Effect of the Addition of Petrochemicals onto the Atomization and Ignition of the Coal-Water Slurry Prepared from the Wastes; Applied Sciences; Vol. 10, iss. 23

Xehetasun bibliografikoak
Parent link:Applied Sciences
Vol. 10, iss. 23.— 2020.— [8574, 11 p.]
Egile nagusia: Taburchinov R. I. Roman Iljich
Erakunde egilea: Национальный исследовательский Томский политехнический университет Исследовательская школа физики высокоэнергетических процессов
Beste egile batzuk: Belonogov M. V. Maxim Vladimirovich, Egorov R. I. Roman Igorevich
Gaia:Title screen
The composite quasi-liquid fuels made of different industrial waste become more and more attractive for scientists during last years. Coal-water slurry is one of the popular types of such compositions. Addition of the waste petrochemicals into the slurry allows decrease of the ignition delays of such composite for up to 27%. However, it has a non-trivial effect onto the atomization dynamics of the slurry making the size and velocity distributions of the aerosol more stable during propagation of the aerosol cloud. This, in turn, leads to more predictable ignition and combustion of the aerosol.
Hizkuntza:ingelesa
Argitaratua: 2020
Gaiak:
Sarrera elektronikoa:https://doi.org/10.3390/app10238574
Formatua: Baliabide elektronikoa Liburu kapitulua
KOHA link:https://koha.lib.tpu.ru/cgi-bin/koha/opac-detail.pl?biblionumber=662999

MARC

LEADER 00000naa0a2200000 4500
001 662999
005 20250421130839.0
035 |a (RuTPU)RU\TPU\network\34167 
090 |a 662999 
100 |a 20210119d2020 k||y0rusy50 ba 
101 0 |a eng 
135 |a drcn ---uucaa 
181 0 |a i  
182 0 |a b 
200 1 |a Effect of the Addition of Petrochemicals onto the Atomization and Ignition of the Coal-Water Slurry Prepared from the Wastes  |f R. I. Taburchinov, M. V. Belonogov, R. I. Egorov 
203 |a Text  |c electronic 
300 |a Title screen 
320 |a [References: 31 tit.] 
330 |a The composite quasi-liquid fuels made of different industrial waste become more and more attractive for scientists during last years. Coal-water slurry is one of the popular types of such compositions. Addition of the waste petrochemicals into the slurry allows decrease of the ignition delays of such composite for up to 27%. However, it has a non-trivial effect onto the atomization dynamics of the slurry making the size and velocity distributions of the aerosol more stable during propagation of the aerosol cloud. This, in turn, leads to more predictable ignition and combustion of the aerosol. 
461 |t Applied Sciences 
463 |t Vol. 10, iss. 23  |v [8574, 11 p.]  |d 2020 
610 1 |a электронный ресурс 
610 1 |a труды учёных ТПУ 
610 1 |a coal-water slurry 
610 1 |a coal enrichment waste 
610 1 |a waste petrochemicals 
610 1 |a airspraying 
610 1 |a fuel aerosol 
610 1 |a водоугольные суспензии 
610 1 |a отходы 
610 1 |a распыление 
610 1 |a зажигание 
610 1 |a аэрозоли 
700 1 |a Taburchinov  |b R. I.  |g Roman Iljich 
701 1 |a Belonogov  |b M. V.  |c specialist in the field of heat power engineering and heat engineering  |c Research Engineer of Tomsk Polytechnic University  |f 1996-  |g Maxim Vladimirovich  |3 (RuTPU)RU\TPU\pers\46899  |9 22515 
701 1 |a Egorov  |b R. I.  |c specialist in the field of heat and power engineering  |c Researcher of Tomsk Polytechnic University, candidate of physical and mathematical sciences  |f 1980-  |g Roman Igorevich  |3 (RuTPU)RU\TPU\pers\36601  |9 19642 
712 0 2 |a Национальный исследовательский Томский политехнический университет  |b Исследовательская школа физики высокоэнергетических процессов  |c (2017- )  |3 (RuTPU)RU\TPU\col\23551 
801 2 |a RU  |b 63413507  |c 20210621  |g RCR 
850 |a 63413507 
856 4 |u https://doi.org/10.3390/app10238574 
942 |c CF